MARC

LEADER 00000naa2a2200000 4500
001 633977
005 20240206133128.0
035 |a (RuTPU)RU\TPU\conf\35727 
035 |a RU\TPU\conf\35726 
090 |a 633977 
100 |a 20211208a2021 k y0rusy50 ca 
101 0 |a rus 
102 |a RU 
105 |a y z 100zy 
135 |a drcn ---uucaa 
181 0 |a i  
182 0 |a b 
200 1 |a Вопросы позиционирования при сварке  |f Д. А. Цыденешеева, А. П. Соколов 
203 |a Текст  |c электронный 
225 1 |a Дизайн и проектирование в машиностроении 
300 |a Заглавие с экрана 
320 |a [Библиогр.: с. 298 (6 назв.)] 
463 0 |0 (RuTPU)RU\TPU\conf\35640  |t Современные проблемы машиностроения  |o сборник трудов XIV Международной научно-технической конференции, г. Томск, 25-30 октября 2021 г.  |f Национальный исследовательский Томский политехнический университет (ТПУ) ; под ред. Е. Н. Пашкова  |v [С. 297-298]  |d 2021 
610 1 |a электронный ресурс 
610 1 |a труды учёных ТПУ 
610 1 |a позиционирование 
610 1 |a сварка 
610 1 |a эстетика 
610 1 |a фиксация 
610 1 |a магниты 
610 1 |a пространственные контуры 
700 1 |a Цыденешеева  |b Д. А. 
701 1 |a Соколов  |b А. П.  |c специалист в области машиностроения  |c доцент Томского политехнического университета, кандидат технических наук  |f 1956-  |g Александр Петрович  |3 (RuTPU)RU\TPU\pers\26503  |9 12205 
712 0 2 |a Национальный исследовательский Томский политехнический университет  |b Школа базовой инженерной подготовки  |b Отделение общетехнических дисциплин  |3 (RuTPU)RU\TPU\col\23550 
801 2 |a RU  |b 63413507  |c 20211216  |g RCR 
856 4 |u http://earchive.tpu.ru/handle/11683/69201 
942 |c BK